Statistics for [路線図付き] 東京メトロ 東西線 駅名穴埋めクイズ

Click here to take the quiz!

General Stats

  • This quiz has been taken 564 times
  • The average score is 19 of 23

Answers on the Map

Answers color-coded by a green-red scale on the quiz's map according to % correct below.
 

Answer Stats

Answer% Correct
東西線T01中野
95%
東西線T23西船橋
94%
東西線T09大手町
92%
東西線T03高田馬場
91%
東西線T06飯田橋
90%
東西線T17葛西
89%
東西線T16西葛西
86%
東西線T07九段下
85%
東西線T10日本橋
85%
東西線T14東陽町
84%
東西線T18浦安
84%
東西線T02落合
82%
東西線T04早稲田
82%
東西線T12門前仲町
80%
東西線T08竹橋
79%
東西線T21妙典
78%
東西線T13木場
78%
東西線T15南砂町
77%
東西線T11茅場町
77%
東西線T05神楽坂
75%
東西線T20行徳
75%
東西線T22原木中山
75%
東西線T19南行徳
73%

Score Distribution

Percentile by Number Answered

Percent of People with Each Score

Your Score History

You have not taken this quiz